Textbook of clinical veterinary medicine / (Record no. 27443)

MARC details
000 -LEADER
fixed length control field 00986nam a2200253 a 4500
005 - DATE AND TIME OF LATEST TRANSACTION
control field 20090615112228.0
008 - FIXED-LENGTH DATA ELEMENTS--GENERAL INFORMATION
fixed length control field 060724s2005 ii b 101 0 eng
010 ## - LCCN (DPL NO)
LC control number ENG-94000
020 ## - INTERNATIONAL STANDARD BOOK NUMBER
International Standard Book Number 9788171640874
Terms of availability 800.00
035 ## - SYSTEM CONTROL NUMBER
System control number EN-77533
037 ## - SOURCE OF ACQUISITION
Source of stock number/acquisition DBAD / PUB
040 ## - CATALOGING SOURCE
Original cataloging agency dpl
Language of cataloging English
082 ## - DEWEY DECIMAL CLASSIFICATION NUMBER
Classification number 636.0896075
245 ## - TITLE STATEMENT
Title Textbook of clinical veterinary medicine /
Statement of responsibility, etc edited by M.C. Sharma, Mahesh Kumar [and] R.D. Sharma
260 ## - PUBLICATION, DISTRIBUTION, ETC. (IMPRINT)
Place of publication, distribution, etc New Delhi
Name of publisher, distributor, etc Indina Council of Agricultural Research
Date of publication, distribution, etc 2009
270 ## - ADDRESS
Address Krishi Anusandhan Bhavan, Pusa
City New Delhi
Postal code 110012
300 ## - PHYSICAL DESCRIPTION
Extent vi, 667p.
Dimensions 25cm(Hb)
650 ## - SUBJECT ADDED ENTRY--TOPICAL TERM
Topical term or geographic name as entry element Veterinary medicine
General subdivision Diagnosis
700 ## - ADDED ENTRY--PERSONAL NAME
Personal name Sharma, M.C.
700 ## - ADDED ENTRY--PERSONAL NAME
Personal name Mahesh Kumar
700 ## - ADDED ENTRY--PERSONAL NAME
Personal name Sharma, R.D.
942 ## - ADDED ENTRY ELEMENTS (KOHA)
Source of classification or shelving scheme Dewey Decimal Classification
Item type English Books
Call number suffix TEX
Classification part 636.0896075
Holdings
Withdrawn status Lost status Source of classification or shelving scheme Damaged status Not for loan Collection code Home library Current library Date acquired Source of acquisition Cost, normal purchase price Total Checkouts Full call number Barcode Date last seen Copy number Cost, replacement price Koha item type
    Dewey Decimal Classification   Not For Loan Non-fiction D.B.Act.Division D.B.Act.Division 15/06/2009 DBAD / PUB 800.00   636.0896075 TEX EN-77533 15/06/2009 1 800.00 English Books

© Delhi Public Library
Hit Counter
free hit counter